|
|
|
|
| LEADER |
01377nam a2200409 4500 |
| 001 |
DLU090067587 |
| 005 |
##20090420 |
| 040 |
# |
# |
|a DLU
|b eng
|
| 041 |
# |
# |
|a eng
|
| 044 |
# |
# |
|a UK
|
| 245 |
# |
# |
|a Ancient recruitment by chromists of green algal genes encoding enzymes for carotenoid biosynthesis /
|c Ruth Frommolt, Sonja Werner, Harald Paulsen, Reimund Goss, Christian Wilhelm, Stefan Zauner, Uwe G. Maier, Arthur R. Grossman, Debashish Bhattacharya, Martin Lohr.
|
| 653 |
# |
# |
|a Carotenoid biosynthesis
|
| 653 |
# |
# |
|a Chromalveolates
|
| 653 |
# |
# |
|a Gene transfer
|
| 653 |
# |
# |
|a Plastid
|
| 653 |
# |
# |
|a Secondary endosymbiosis
|
| 653 |
# |
# |
|a Xanthophyll cycle
|
| 700 |
# |
# |
|a Bhattacharya, Debashish.
|
| 700 |
# |
# |
|a Frommolt, Ruth.
|
| 700 |
# |
# |
|a Goss, Reimund.
|
| 700 |
# |
# |
|a Grossman, Arthur R.
|
| 700 |
# |
# |
|a Lohr, Martin.
|
| 700 |
# |
# |
|a Maier, Uwe G.
|
| 700 |
# |
# |
|a Paulsen, Harald.
|
| 700 |
# |
# |
|a Werner, Sonja.
|
| 700 |
# |
# |
|a Wilhelm, Christian.
|
| 700 |
# |
# |
|a Zauner, Stefan.
|
| 773 |
# |
# |
|t Molecular Biology and Evolution
|g Vol. 25, no. 12 (December 2008), p. 2653-2667
|
| 920 |
# |
# |
|a Phòng Tạp chí -- Trung tâm Thông tin - Thư viện Trường Đại học Đà Lạt
|
| 994 |
# |
# |
|a DLU
|
| 900 |
# |
# |
|a True
|
| 911 |
# |
# |
|a Trương Bảo Trâm Anh
|
| 925 |
# |
# |
|a G
|
| 926 |
# |
# |
|a A
|
| 927 |
# |
# |
|a BB
|
| 980 |
# |
# |
|a Thư viện Trường Đại học Đà Lạt
|